Wszystkie kluby lig TOP5 w europie - Statystyki

Ogólne statystyki
  • Ten quiz został rozwiązany 49 razy
    26 od ostatniego zresetowania
  • Średni wynik to 41 z 96
Statystyki odpowiedzi
Hint Odpowiedź % Poprawnych
Premier League Arsenal
83%
Premier League Manchester City
83%
Premier League Manchester United
83%
Premier League Chelsea
78%
Premier League Tottenham
72%
Premier League Aston Villa
67%
La Liga FC Barcelona
67%
Premier League Liverpool
67%
Ligue 1 PSG
67%
La Liga Real Madryt
67%
La Liga Atletico Madryt
61%
Bundesliga Borussia Dortmund
61%
Premier League Bournemouth
61%
Premier League Burnley
61%
Serie A Inter Mediolan
61%
Ligue 1 Olympique Marsylia
61%
Premier League Sunderland
61%
Serie A AC Milan
56%
La Liga Athletic Bilbao
56%
Bundesliga Bayern Monachium
56%
Premier League Brighton & Hove Albion
56%
Serie A Juventus
56%
Premier League Leeds United
56%
Premier League Nottingham Forest
56%
La Liga Real Sociedad
56%
Serie A SSC Napoli
56%
Premier League West Ham United
56%
Premier League Wolverhampton
56%
Bundesliga Bayer Leverkusen
50%
Premier League Crystal Palace
50%
Premier League Everton
50%
Bundesliga FSV Mainz
50%
Ligue 1 Lyon
50%
Ligue 1 OGC Nice
50%
La Liga Sevilla
50%
Ligue 1 AS Monaco
44%
Serie A FC Torino
44%
Serie A Fiorentina
44%
La Liga Girona
44%
Premier League Newcastle United
44%
Ligue 1 Paris FC
44%
Ligue 1 RC Lens
44%
La Liga Real Betis
44%
Bundesliga SC Freiburg
44%
Bundesliga Union Berlin
44%
Serie A AS Roma
39%
Premier League Brentford
39%
Serie A Como
39%
Bundesliga Eintracht Frankfurt
39%
Premier League Fulham
39%
Serie A Genoa
39%
Serie A Lazio
39%
Ligue 1 LOSC Lille
39%
Serie A Parma
39%
Bundesliga RB Lipsk
39%
Ligue 1 Strasbourg
39%
Bundesliga VfL Wolfsburg
39%
La Liga Villarreal
39%
Bundesliga 1.FC Koln
33%
Serie A Atalanta
33%
Serie A Bologna FC
33%
La Liga Espanyol
33%
Ligue 1 FC Lorient
33%
Ligue 1 FC Nantes
33%
Bundesliga FC St. Pauli
33%
Bundesliga Hamburger SV
33%
Serie A Hellas Verona
33%
La Liga Mallorca
33%
Serie A Pisa
33%
Serie A US Cremonese
33%
La Liga Valencia
33%
Bundesliga VfB Stuttgart
33%
Bundesliga FC Augsburg
28%
La Liga Getafe
28%
Bundesliga Heidenheim
28%
Ligue 1 Le Havre AC
28%
La Liga Osasuna
28%
La Liga Rayo Vallecano
28%
La Liga Real Oviedo
28%
Ligue 1 Stade Rennes
28%
Ligue 1 Toulouse FC
28%
Serie A Udinese Calcio
28%
Ligue 1 AJ Auxerre
22%
La Liga Celta Vigo
22%
Ligue 1 Stade Brestois
22%
La Liga Levante
22%
Serie A US Lecce
22%
Bundesliga Werder Brema
22%
Bundesliga Borussia M`gladbach
17%
La Liga Deportivo Alaves
17%
Ligue 1 FC Metz
17%
Bundesliga Hoffenheim
17%
Serie A Sassuolo Calcio
17%
Serie A Cagliari Calcio
11%
La Liga Elche CF
6%
Ligue 1 Angers SCO
0%
Nie znaleziono quizów pasujących do podanych kryteriów
Rozkład punktacji
Procent ludzi z każdym wynikiem
Percentyl według liczby udzielonych odpowiedzi
Twoja historia wyników
Nie rozwiązałeś tego quizu od ostatniego zresetowania